Προσοχή συνάνθρωποι!
Saved in:
| Main Author: | |
|---|---|
| Format: | Book |
| Language: | Greek |
| Published: |
Αθήνα :
Καστανιώτη,
1983.
|
| Edition: | 2η εκδ. |
| Series: | Ελλης Αλεξίου Απαντα ;
9 |
| Subjects: | |
| Tags: |
Add Tag
No Tags, Be the first to tag this record!
|
MARC
| LEADER | 00000cam a2200000 i 4500 | ||
|---|---|---|---|
| 001 | 1/31323 | ||
| 008 | 960725s1983 gr | ||| |||| ||gre|| | ||
| 020 | |a 9600301077 | ||
| 035 | |1 ΕΛΗ |a 1996 |b 2407 |c ΒΙΒΛΙΟΘΗΚΗ |l 10038797 | ||
| 040 | |a GR-MyUA |b gre |e AACR2 | ||
| 041 | 0 | |a gre | |
| 082 | 0 | |a 889.3 | |
| 100 | 1 | |a Αλεξίου, Έλλη, |d 1894-1989. | |
| 245 | 1 | 0 | |a Προσοχή συνάνθρωποι! / |c Ελλη Αλεξίου. |
| 250 | |a 2η εκδ. | ||
| 260 | |a Αθήνα : |b Καστανιώτη, |c 1983. | ||
| 300 | |a 178 σ. ; |c 21 εκ. | ||
| 490 | 1 | |a (Ελλης Αλεξίου Άπαντα |v ; 9) | |
| 650 | 0 | 0 | |a Greek fiction. |
| 830 | 0 | |a Ελλης Αλεξίου Απαντα ; |v 9 | |
| 852 | |a INST |b SAMOS |e 19960725 |h 889.3 ΑΛΕ |p 005300009522 |q 005300009522 |t BK |y 0 | ||
| 909 | |a Σ |b 041645 | ||